[Event "POR-chT"]
[Site "Maia"]
[Date "2018.07.19"]
[Round "6.1"]
[White "Oratovsky, Michael"]
[Black "Andrade, Jose Manuel Vieira"]
[Result "1-0"]
[WhiteElo "2474"]
[BlackElo "2204"]
[PlyCount "35"]
[EventDate "2018.07.16"]
[EventType "team-tourn"]
[EventRounds "9"]
[EventCountry "POR"]
[SourceTitle "CBM 185 Extra"]
[Source "ChessBase"]
[SourceDate "2018.07.29"]
[SourceVersion "1"]
[SourceVersionDate "2018.07.29"]
[SourceQuality "1"]
[WhiteTeam "Assembleia Figueirense"]
[BlackTeam "Mata de Benfica"]
[WhiteTeamCountry "POR"]
[BlackTeamCountry "POR"]

1. e4 e5 2. Bc4 Nf6 3. d3 c6 4. Nf3 d5 5. Bb3 Bd6 6. exd5 cxd5 7. Bg5 0-0 8. 0-0 e4 9. dxe4 dxe4 10. Nfd2 h6 11. Bxf6 Qxf6 12. Nc3 Qh4 13. g3 Qh3 14. Ndxe4 Be5 15. f4 Bc7 16. Nd5 Bd8 17. f5 Nc6 18. Rf4 1-0

[Event "POR Cup 39th"]
[Site "Portugal"]
[Date "2017.05.27"]
[Round "3.5"]
[White "Pereira, Ruben Miguel Nunes"]
[Black "Andrade, Jose Manuel Vieira"]
[Result "1-0"]
[WhiteElo "2409"]
[BlackElo "2222"]
[PlyCount "51"]
[EventDate "2017.03.11"]
[EventType "team-k.o."]
[EventRounds "6"]
[EventCountry "POR"]
[SourceTitle "EXT 2018"]
[Source "ChessBase"]
[SourceDate "2017.10.13"]
[SourceVersion "1"]
[SourceVersionDate "2017.10.13"]
[SourceQuality "1"]
[WhiteTeam "Amadora"]
[BlackTeam "Mata de Benfica"]
[WhiteTeamCountry "POR"]
[BlackTeamCountry "POR"]

1. e4 e5 2. Nf3 Nf6 3. Nc3 Nc6 4. g3 Bc5 5. Bg2 d6 6. 0-0 a6 7. d3 0-0 8. h3 Be6 9. Kh2 h6 10. Be3 Bxe3 11. fxe3 d5 12. Nh4 dxe4 13. Nxe4 Nxe4 14. Bxe4 Qd7 15. g4 Ne7 16. Qf3 c5 17. Nf5 Bxf5 18. gxf5 Nc6 19. f6 g6 20. Rg1 Kh7 21. Qh5 Rg8 22. Rg4 Qd8 23. Rh4 Qf8 24. Rg1 Re8 25. Rhg4 Re6 26. Rxg6 1-0

[Event "POR-chT"]
[Site "Porto"]
[Date "2016.08.17"]
[Round "5.16"]
[White "Ferreira, Victor Manuel"]
[Black "Andrade, Jose Manuel Vieira"]
[Result "0-1"]
[WhiteElo "2005"]
[BlackElo "2154"]
[PlyCount "102"]
[EventDate "2016.08.14"]
[EventType "team-tourn"]
[EventRounds "9"]
[EventCountry "POR"]
[SourceTitle "CBM 173 Extra"]
[Source "ChessBase"]
[SourceDate "2016.08.29"]
[SourceVersion "1"]
[SourceVersionDate "2016.08.29"]
[SourceQuality "1"]
[WhiteTeam "Casa do Xadrez"]
[BlackTeam "Mata de Benfica"]
[WhiteTeamCountry "POR"]
[BlackTeamCountry "POR"]

1. e4 e6 2. d4 d5 3. Nd2 c5 4. exd5 Qxd5 5. dxc5 Bxc5 6. Qf3 Nf6 7. Qxd5 Nxd5 8. c3 Nc6 9. Ne4 Be7 10. Bc4 Bd7 11. Nf3 Rc8 12. 0-0 Nd4 13. Nxd4 Rxc4 14. Nd2 Rc8 15. Re1 0-0 16. Ne4 e5 17. Nf3 f6 18. Bd2 Bg4 19. h3 Bxf3 20. gxf3 g5 21. Rad1 Rfd8 22. Ng3 Kf7 23. Nf5 Bf8 24. Be3 a6 25. Kg2 Nf4+ 26. Bxf4 gxf4 27. Kf1 Ke6 28. Nh4 Be7 29. Ng2 Kf5 30. Nh4+ Kg5 31. Ng2 Bc5 32. Ke2 f5 33. Rg1 Kf6 34. Ne1 Rxd1 35. Kxd1 Bxf2 36. Rg2 Rd8+ 37. Ke2 Bxe1 38. Kxe1 Rd3 39. Ke2 Re3+ 40. Kf2 e4 41. fxe4 fxe4 42. Rg8 Rxh3 43. Rf8+ Kg5 44. Rg8+ Kh4 45. Rg7 Rh2+ 46. Kg1 Rxb2 47. Rxh7+ Kg3 48. Kf1 Rb1+ 49. Ke2 f3+ 50. Ke3 Re1+ 51. Kd2 f2 0-1

[Event "POR-chT"]
[Site "Porto"]
[Date "2016.08.16"]
[Round "4.8"]
[White "Andrade, Jose Manuel Vieira"]
[Black "Macedo, Adriano Esteves"]
[Result "1/2-1/2"]
[WhiteElo "2154"]
[BlackElo "1906"]
[PlyCount "52"]
[EventDate "2016.08.14"]
[EventType "team-tourn"]
[EventRounds "9"]
[EventCountry "POR"]
[SourceTitle "CBM 173 Extra"]
[Source "ChessBase"]
[SourceDate "2016.08.29"]
[SourceVersion "1"]
[SourceVersionDate "2016.08.29"]
[SourceQuality "1"]
[WhiteTeam "Mata de Benfica"]
[BlackTeam "Didaxis"]
[WhiteTeamCountry "POR"]
[BlackTeamCountry "POR"]

1. e4 c5 2. d4 cxd4 3. c3 dxc3 4. Nxc3 Nc6 5. Nf3 e6 6. Bc4 a6 7. 0-0 Nge7 8. Bg5 b5 9. Bxb5 f6 10. Bxc6 Nxc6 11. Bf4 Bc5 12. Na4 Be7 13. Rc1 0-0 14. Bd6 a5 15. Qd2 Ba6 16. Rfd1 Bxd6 17. Qxd6 Be2 18. Rd2 Bxf3 19. gxf3 Ne5 20. Rc3 Qe8 21. f4 Qg6+ 22. Kf1 Qxe4 23. fxe5 Qh1+ 24. Ke2 Qe4+ 25. Kf1 Qh1+ 26. Ke2 Qe4+ 1/2-1/2

[Event "POR-chT"]
[Site "Porto"]
[Date "2016.08.14"]
[Round "1.20"]
[White "Andrade, Jose Manuel Vieira"]
[Black "Starostits, Ilmars"]
[Result "1-0"]
[WhiteElo "2154"]
[BlackElo "2444"]
[PlyCount "55"]
[EventDate "2016.08.14"]
[EventType "team-tourn"]
[EventRounds "9"]
[EventCountry "POR"]
[SourceTitle "CBM 173 Extra"]
[Source "ChessBase"]
[SourceDate "2016.08.29"]
[SourceVersion "1"]
[SourceVersionDate "2016.08.29"]
[SourceQuality "1"]
[WhiteTeam "Mata de Benfica"]
[BlackTeam "Dias Ferreira"]
[WhiteTeamCountry "POR"]
[BlackTeamCountry "POR"]

1. e4 c6 2. d4 d5 3. exd5 cxd5 4. c4 Nf6 5. Nc3 g6 6. Bg5 Ne4 7. Nxe4 dxe4 8. Qd2 Bg7 9. Ne2 Nc6 10. 0-0-0 Bf5 11. Bh6 Bf6 12. h3 e3 13. fxe3 e5 14. d5 Na5 15. Nc3 Rc8 16. g4 Bd7 17. b3 b5 18. Ne4 Be7 19. d6 Bc6 20. Rh2 bxc4 21. dxe7 Qxd2+ 22. Rhxd2 Bxe4 23. Rd8+ Kxe7 24. R1d7+ Kf6 25. Rd6+ Ke7 26. Bg5+ f6 27. Bxf6+ Kf7 28. Bxh8 1-0

[Event "POR-chT"]
[Site "Porto"]
[Date "2015.08.19"]
[Round "5.2"]
[White "Figueiredo, Helder"]
[Black "Andrade, Jose Manuel Vieira"]
[Result "1/2-1/2"]
[WhiteElo "2027"]
[BlackElo "2199"]
[PlyCount "41"]
[EventDate "2015.08.16"]
[EventType "team-tourn"]
[EventRounds "9"]
[EventCountry "POR"]
[SourceTitle "EXT 2016"]
[Source "ChessBase"]
[SourceDate "2015.10.08"]
[SourceVersion "1"]
[SourceVersionDate "2015.10.08"]
[SourceQuality "1"]
[WhiteTeam "Santoantoniense"]
[BlackTeam "Mata de Benfica"]
[WhiteTeamCountry "POR"]
[BlackTeamCountry "POR"]

1. e4 e6 2. d4 d5 3. Nc3 Nf6 4. Bg5 Be7 5. e5 Nfd7 6. Bxe7 Qxe7 7. f4 a6 8. Qd2 c5 9. Nf3 Nc6 10. dxc5 Nxc5 11. 0-0-0 Bd7 12. Qe3 g6 13. g4 0-0-0 14. f5 d4 15. Nxd4 exf5 16. Nd5 Qxe5 17. Nb6+ Kc7 18. Nd5+ Kc8 19. Nb6+ Kc7 20. Nd5+ Kc8 21. Nb6+ 1/2-1/2

[Event "POR-chT"]
[Site "Porto"]
[Date "2015.08.17"]
[Round "3.3"]
[White "Rocha, Sergio MC"]
[Black "Andrade, Jose Manuel Vieira"]
[Result "1-0"]
[WhiteElo "2384"]
[BlackElo "2199"]
[PlyCount "57"]
[EventDate "2015.08.16"]
[EventType "team-tourn"]
[EventRounds "9"]
[EventCountry "POR"]
[SourceTitle "EXT 2016"]
[Source "ChessBase"]
[SourceDate "2015.10.08"]
[SourceVersion "1"]
[SourceVersionDate "2015.10.08"]
[SourceQuality "1"]
[WhiteTeam "Barreirense"]
[BlackTeam "Mata de Benfica"]
[WhiteTeamCountry "POR"]
[BlackTeamCountry "POR"]

1. Nf3 e6 2. d4 Nf6 3. c4 b6 4. a3 c5 5. d5 exd5 6. cxd5 d6 7. Nc3 g6 8. e4 Bg7 9. Bd3 0-0 10. h3 Na6 11. 0-0 Nc7 12. Bf4 Nfe8 13. Re1 a6 14. Qd2 b5 15. Rad1 Rb8 16. b4 a5 17. Rb1 axb4 18. axb4 c4 19. Bc2 Ra8 20. Nd4 Bd7 21. Bd1 Ra3 22. Bg4 f5 23. Bg5 Qxg5 24. Qxg5 Rxc3 25. exf5 Bf6 26. Qf4 Rd3 27. Ne6 Nxd5 28. Qh6 Bxe6 29. fxg6 1-0

[Event "POR-chT"]
[Site "Caldas da Rainha"]
[Date "2014.08.23"]
[Round "9.5"]
[White "Cavaleiro, Daniel Felipe Costa"]
[Black "Andrade, Jose Manuel Vieira"]
[Result "1-0"]
[WhiteElo "1921"]
[BlackElo "2218"]
[PlyCount "96"]
[EventDate "2014.08.17"]
[EventType "team-tourn"]
[EventRounds "9"]
[EventCountry "POR"]
[SourceTitle "CBM 161 Extra"]
[Source "ChessBase"]
[SourceDate "2014.08.29"]
[SourceVersion "1"]
[SourceVersionDate "2014.08.29"]
[SourceQuality "1"]
[WhiteTeam "Montemor o Velho"]
[BlackTeam "Mata de Benfica"]
[WhiteTeamCountry "POR"]
[BlackTeamCountry "POR"]

1. d4 Nf6 2. c4 e6 3. Nc3 Bb4 4. e3 b6 5. Bd3 Bb7 6. Nf3 0-0 7. 0-0 d5 8. a3 Be7 9. cxd5 exd5 10. b4 a6 11. Ne5 Nbd7 12. Qc2 c5 13. Na4 c4 14. Bf5 Bc8 15. Nc6 Qe8 16. e4 b5 17. Nc3 Nb6 18. exd5 Bd6 19. Bg5 Bxf5 20. Qxf5 Qd7 21. Qxd7 Nbxd7 22. Rfe1 Rfe8 23. g3 Kf8 24. Rxe8+ Nxe8 25. Ne4 f6 26. Nxd6 Nxd6 27. Bf4 Nc8 28. Bc7 Ncb6 29. d6 Rc8 30. Re1 Re8 31. Kf1 Nd5 32. Bd8 Rxe1+ 33. Kxe1 Ke8 34. Kd2 N7b6 35. Bxb6 Nxb6 36. Nb8 Kd8 37. Nxa6 Nc8 38. Nc7 Nxd6 39. Ne6+ Kd7 40. Nxg7 Nc8 41. Nh5 Kd6 42. Nxf6 Nb6 43. Ne4+ Kd5 44. Nc3+ Kxd4 45. Nxb5+ Ke4 46. Nc3+ Kf3 47. Nd1 Ke4 48. Kc3 Kd5 1-0

[Event "POR-chT"]
[Site "Caldas da Rainha"]
[Date "2014.08.22"]
[Round "8.1"]
[White "Andrade, Jose Manuel Vieira"]
[Black "Bernal Moro, Luis Javier"]
[Result "1/2-1/2"]
[WhiteElo "2218"]
[BlackElo "2432"]
[PlyCount "104"]
[EventDate "2014.08.17"]
[EventType "team-tourn"]
[EventRounds "9"]
[EventCountry "POR"]
[SourceTitle "CBM 161 Extra"]
[Source "ChessBase"]
[SourceDate "2014.08.29"]
[SourceVersion "1"]
[SourceVersionDate "2014.08.29"]
[SourceQuality "1"]
[WhiteTeam "Mata de Benfica"]
[BlackTeam "Dias Ferreira"]
[WhiteTeamCountry "POR"]
[BlackTeamCountry "POR"]

1. e4 c5 2. Nc3 e6 3. f4 d5 4. Bb5+ Bd7 5. Qe2 d4 6. Nd1 Bxb5 7. Qxb5+ Qd7 8. Qe2 Nc6 9. Nf3 Bd6 10. d3 e5 11. 0-0 Nge7 12. f5 f6 13. Bd2 0-0-0 14. a3 Kb8 15. Rb1 a6 16. b4 cxb4 17. axb4 Na7 18. c4 dxc3 19. Nxc3 Nb5 20. Na4 Bc7 21. Nc5 Bb6 22. d4 Qd6 23. Kh1 Nc6 24. d5 Ncd4 25. Nxd4 Nxd4 26. Qc4 Rc8 27. Rfc1 Rc7 28. Ra1 g6 29. Be3 gxf5 30. exf5 Rd8 31. Bxd4 exd4 32. Qxd4 Ka7 33. Rab1 Qxd5 34. Qxf6 Rf7 35. Qh6 Qxf5 36. Na4 Rf6 37. Qh4 Rdf8 38. Qe1 Qf2 39. Nxb6 Qxe1+ 40. Rxe1 Kxb6 41. h3 h5 42. Kg1 Rf5 43. Re4 Kb5 44. g4 hxg4 45. hxg4 Rf4 46. Re5+ Kb6 47. Rg5 Rd8 48. b5 Rdd4 49. bxa6+ Kxa6 50. Rg6+ Ka7 51. g5 Rg4+ 52. Kf2 Rgf4+ 1/2-1/2

[Event "POR-chT"]
[Site "Caldas da Rainha"]
[Date "2014.08.20"]
[Round "6.2"]
[White "Dias, Ivo Rodrigues"]
[Black "Andrade, Jose Manuel Vieira"]
[Result "1/2-1/2"]
[WhiteElo "1986"]
[BlackElo "2218"]
[PlyCount "79"]
[EventDate "2014.08.17"]
[EventType "team-tourn"]
[EventRounds "9"]
[EventCountry "POR"]
[SourceTitle "CBM 161 Extra"]
[Source "ChessBase"]
[SourceDate "2014.08.29"]
[SourceVersion "1"]
[SourceVersionDate "2014.08.29"]
[SourceQuality "1"]
[WhiteTeam "AAD NXVSC"]
[BlackTeam "Mata de Benfica"]
[WhiteTeamCountry "POR"]
[BlackTeamCountry "POR"]

1. e4 d6 2. d4 c6 3. f4 g6 4. Nf3 Bg7 5. Nc3 Nd7 6. e5 d5 7. Bd3 e6 8. Be3 b6 9. Qd2 a6 10. Nd1 c5 11. c3 Nh6 12. Bf2 Bb7 13. h3 cxd4 14. cxd4 Rc8 15. g4 Ng8 16. 0-0 h5 17. f5 hxg4 18. hxg4 gxf5 19. gxf5 exf5 20. Bxf5 Ne7 21. Bh4 Bh6 22. Qe2 Rg8+ 23. Kf2 Qc7 24. Bxe7 Kxe7 25. Rh1 Bf4 26. Ne3 Bg3+ 27. Kf1 a5 28. Bh7 Nb8 29. Bxg8 Rxg8 30. Ne1 Qd7 31. Rh5 Ba6 32. Nd3 Nc6 33. Nf5+ Kf8 34. Qe3 Nb4 35. Nxg3 Qg4 36. a3 Bxd3+ 37. Kf2 Bg6 38. Rg5 Nd3+ 39. Kg1 Qh4 40. Rh5 1/2-1/2

[Event "POR Cup 36th"]
[Site "Vila Nova de Gaia"]
[Date "2014.06.21"]
[Round "1.1"]
[White "Andrade, Jose Manuel Vieira"]
[Black "Ferreira, Jorge Viterbo"]
[Result "0-1"]
[WhiteElo "2222"]
[BlackElo "2394"]
[PlyCount "76"]
[EventDate "2014.06.21"]
[EventType "team-k.o."]
[EventRounds "2"]
[EventCountry "POR"]
[SourceTitle "CBM 160 Extra"]
[Source "ChessBase"]
[SourceDate "2014.07.01"]
[SourceVersion "1"]
[SourceVersionDate "2014.07.01"]
[SourceQuality "1"]
[WhiteTeam "Mata de Benfica"]
[BlackTeam "Dias Ferreira"]
[WhiteTeamCountry "POR"]
[BlackTeamCountry "POR"]

1. c4 Nf6 2. Nc3 g6 3. g3 Bg7 4. Bg2 0-0 5. e4 d6 6. Nge2 c5 7. a3 Nc6 8. Rb1 a5 9. d3 Bd7 10. b3 Rb8 11. Nb5 Ne8 12. Bb2 Bxb2 13. Rxb2 Nc7 14. a4 e5 15. 0-0 Be6 16. Nec3 f5 17. exf5 gxf5 18. f4 Ne7 19. Re2 Nxb5 20. axb5 Ng6 21. h4 Bf7 22. Qe1 exf4 23. h5 Ne5 24. gxf4 Ng4 25. Bd5 Qf6 26. Rf3 Kh8 27. Rh3 Rbe8 28. Bxf7 Rxe2 29. Nxe2 Rxf7 30. Qxa5 Re7 31. h6 Kg8 32. Qd2 Qa1+ 33. Kg2 Re6 34. Rh1 Ne3+ 35. Qxe3 Qxh1+ 36. Kxh1 Rxe3 37. Nc3 Rxd3 38. Nd5 Kf7 0-1

[Event "Sintra Masters"]
[Site "Sintra"]
[Date "2013.06.14"]
[Round "6"]
[White "Andrade, Jose Manuel Vieira"]
[Black "Pires, Gustavo"]
[Result "1/2-1/2"]
[WhiteElo "2241"]
[BlackElo "2153"]
[PlyCount "46"]
[EventDate "2013.06.08"]
[EventType "tourn"]
[EventRounds "9"]
[EventCountry "POR"]
[EventCategory "1"]
[SourceTitle "CBM 154 Extra"]
[Source "ChessBase"]
[SourceDate "2013.06.25"]
[SourceVersion "2"]
[SourceVersionDate "2013.06.25"]
[SourceQuality "1"]

1. c4 e5 2. g3 Nf6 3. Bg2 Nc6 4. Nc3 Bb4 5. e4 0-0 6. Nge2 d6 7. 0-0 Be6 8. d3 Qd7 9. Nd5 Ne8 10. Qb3 a5 11. Nxb4 Nxb4 12. d4 exd4 13. Nxd4 c5 14. Nxe6 Qxe6 15. Bf4 a4 16. Qc3 Nc6 17. Rfe1 Ne5 18. Rad1 Nf6 19. b3 Rfc8 20. Bc1 Nc6 21. e5 dxe5 22. Bxc6 Qxc6 23. Rxe5 Re8 1/2-1/2

[Event "Sintra Masters"]
[Site "Sintra"]
[Date "2013.06.10"]
[Round "3"]
[White "Andrade, Jose Manuel Vieira"]
[Black "Santos, Antonio Pereira"]
[Result "0-1"]
[WhiteElo "2241"]
[BlackElo "2255"]
[PlyCount "92"]
[EventDate "2013.06.08"]
[EventType "tourn"]
[EventRounds "9"]
[EventCountry "POR"]
[EventCategory "1"]
[SourceTitle "CBM 154 Extra"]
[Source "ChessBase"]
[SourceDate "2013.06.25"]
[SourceVersion "2"]
[SourceVersionDate "2013.06.25"]
[SourceQuality "1"]

1. e4 c5 2. Nf3 e6 3. c4 Nc6 4. Nc3 Nf6 5. Be2 Be7 6. 0-0 0-0 7. d4 cxd4 8. Nxd4 d6 9. Be3 Bd7 10. Qd2 a6 11. Rfd1 Qb8 12. a4 b6 13. f3 Qb7 14. Kh1 Rac8 15. Nxc6 Rxc6 16. b4 Rc7 17. Qd4 Rb8 18. a5 bxa5 19. bxa5 Qc8 20. Qd2 Bc6 21. Rdb1 Nd7 22. Rxb8 Qxb8 23. Bf4 Rb7 24. Nd1 Nc5 25. Ra2 h6 26. h3 Nb3 27. Qd3 Qd8 28. Qc3 Bf6 29. Qe1 Bg5 30. Bg3 Nc1 31. Ra1 Qf6 32. Nc3 Nb3 33. Ra2 Qd4 34. Nd1 Nc1 35. Bf2 Qe5 36. Ra3 Rb1 37. Nc3 Rb2 38. Bg3 Qd4 39. Bf2 Qf6 40. Qd1 Bd2 41. e5 Qxe5 42. Ne4 Bxe4 43. fxe4 Nxe2 44. Qxe2 Rb1+ 45. Bg1 Qc5 46. Kh2 Bf4+ 0-1

[Event "POR-chT"]
[Site "Porto"]
[Date "2012.07.29"]
[Round "9.4"]
[White "Fernando, Diogo"]
[Black "Andrade, Jose Manuel Vieira"]
[Result "1/2-1/2"]
[WhiteElo "2469"]
[BlackElo "2244"]
[PlyCount "136"]
[EventDate "2012.07.21"]
[EventType "team-tourn"]
[EventRounds "9"]
[EventCountry "POR"]
[SourceTitle "CBM 149 Extra"]
[Source "ChessBase"]
[SourceDate "2012.08.24"]
[SourceVersion "1"]
[SourceVersionDate "2012.08.24"]
[SourceQuality "1"]
[WhiteTeam "Vale de Cambra"]
[BlackTeam "Mata de Benfica"]
[WhiteTeamCountry "POR"]
[BlackTeamCountry "POR"]

1. c4 Nf6 2. Nc3 e6 3. d4 d5 4. cxd5 exd5 5. Bg5 c6 6. Qc2 Be7 7. e3 g6 8. Bd3 Nbd7 9. Nf3 Nf8 10. h3 Ne6 11. Bh4 0-0 12. 0-0 Ng7 13. Bxf6 Bxf6 14. b4 b6 15. Rfd1 Bb7 16. Qb3 Ne6 17. a4 Rc8 18. a5 Rc7 19. axb6 axb6 20. Ra7 Qb8 21. Ra2 Rd8 22. Ba6 Ba8 23. Bf1 Ra7 24. Rxa7 Qxa7 25. Qa4 Qb8 26. Rc1 Kg7 27. Rc2 Bb7 28. Nd1 Qd6 29. Nb2 Ra8 30. Qb3 Ra1 31. Nd3 Ba6 32. Rc1 Rxc1 33. Nxc1 Bb7 34. Nd3 Be7 35. Qb2 Bf6 36. Qa3 Qb8 37. Nfe5 Be7 38. Qc3 Qd6 39. Qa1 f6 40. Nf3 Qb8 41. Nd2 Qa8 42. Qxa8 Bxa8 43. Nb1 Bb7 44. Nc3 Nc7 45. Na4 Na8 46. Nc3 Ba6 47. b5 Bxb5 48. Nxb5 cxb5 49. Nc1 Nc7 50. Nb3 Kf7 51. g4 b4 52. Bd3 Ne8 53. f3 Nd6 54. Kf2 f5 55. Bc2 Ke6 56. Nc1 Nc4 57. Nd3 Bd6 58. Nc1 Be7 59. Bb3 Bg5 60. f4 Bh4+ 61. Ke2 Be7 62. g5 Kd6 63. Kd3 b5 64. Bd1 Nb2+ 65. Kc2 Nc4 66. Kd3 Nb2+ 67. Kc2 Nc4 68. Kd3 Nb2+ 1/2-1/2

[Event "POR-chT"]
[Site "Porto"]
[Date "2012.07.24"]
[Round "4.5"]
[White "Andrade, Jose Manuel Vieira"]
[Black "Pereira, Ruben Miguel Nunes"]
[Result "1/2-1/2"]
[WhiteElo "2244"]
[BlackElo "2417"]
[PlyCount "63"]
[EventDate "2012.07.21"]
[EventType "team-tourn"]
[EventRounds "9"]
[EventCountry "POR"]
[SourceTitle "CBM 149 Extra"]
[Source "ChessBase"]
[SourceDate "2012.08.24"]
[SourceVersion "1"]
[SourceVersionDate "2012.08.24"]
[SourceQuality "1"]
[WhiteTeam "Mata de Benfica"]
[BlackTeam "Gaia"]
[WhiteTeamCountry "POR"]
[BlackTeamCountry "POR"]

1. e4 c5 2. Nc3 e6 3. f4 a6 4. Nf3 Qc7 5. d3 b5 6. g3 Bb7 7. Bg2 Nc6 8. 0-0 d6 9. Be3 Nf6 10. h3 Be7 11. Ne2 d5 12. e5 Nd7 13. c3 0-0 14. d4 b4 15. g4 bxc3 16. bxc3 f6 17. Ng3 fxe5 18. fxe5 Ncxe5 19. dxe5 Nxe5 20. Nxe5 Qxe5 21. Qe1 Bd6 22. Bf2 Rxf2 23. Qxf2 Qxg3 24. Qxg3 Bxg3 25. Rab1 Bc6 26. Rb6 Bb5 27. Rf3 Bh4 28. Rxe6 Rd8 29. Bf1 c4 30. Be2 Bf6 31. Kf1 h6 32. Rb6 1/2-1/2

[Event "POR Cup 34th"]
[Site "Vale de Cambra"]
[Date "2012.05.26"]
[Round "5.1"]
[White "Castro, Francisco Manuel Fe"]
[Black "Andrade, Jose Manuel Vieira"]
[Result "0-1"]
[WhiteElo "2152"]
[BlackElo "2251"]
[PlyCount "88"]
[EventDate "2012.01.07"]
[EventType "team"]
[EventRounds "6"]
[EventCountry "POR"]
[SourceTitle "EXT 2013"]
[Source "ChessBase"]
[SourceDate "2012.11.22"]
[SourceVersion "1"]
[SourceVersionDate "2012.11.22"]
[SourceQuality "1"]
[WhiteTeam "Dos Galitos"]
[BlackTeam "Mata de Benfica"]
[WhiteTeamCountry "POR"]
[BlackTeamCountry "POR"]

1. e4 e5 2. Nf3 Nf6 3. Nc3 Nc6 4. Bb5 Bb4 5. 0-0 0-0 6. Re1 Nd4 7. Nxd4 exd4 8. e5 dxc3 9. dxc3 Be7 10. exf6 Bxf6 11. Qh5 d6 12. Bd3 g6 13. Qf3 Bg7 14. Qg3 Bd7 15. h4 Re8 16. Bg5 Bf6 17. Rxe8+ Bxe8 18. Bxf6 Qxf6 19. Re1 Bc6 20. h5 Kg7 21. f4 Kf8 22. Qh3 Re8 23. Rxe8+ Kxe8 24. hxg6 hxg6 25. f5 gxf5 26. Bxf5 Qg5 27. Qh8+ Ke7 28. Bh3 Qe3+ 29. Kh2 Qe5+ 30. Qxe5+ dxe5 31. Bf5 Kf6 32. g4 Bd5 33. Kg3 Be6 34. Bxe6 Kxe6 35. Kf3 f5 36. gxf5+ Kxf5 37. c4 c5 38. Ke3 e4 39. a3 a5 40. b3 Ke5 41. c3 b6 42. a4 Kf5 43. b4 Ke5 44. bxc5 bxc5 0-1

[Event "Lisbon Masters"]
[Site "Lisbon"]
[Date "2012.05.05"]
[Round "8"]
[White "Andrade, Jose Manuel Vieira"]
[Black "Diogo, Vasco Andre Marcalo"]
[Result "0-1"]
[WhiteElo "2251"]
[BlackElo "2288"]
[PlyCount "144"]
[EventDate "2012.04.28"]
[EventType "tourn"]
[EventRounds "9"]
[EventCountry "POR"]
[EventCategory "1"]
[SourceTitle "CBM 148 Extra"]
[Source "ChessBase"]
[SourceDate "2012.06.22"]
[SourceVersion "1"]
[SourceVersionDate "2012.06.22"]
[SourceQuality "1"]

1. c4 c6 2. Nf3 d5 3. cxd5 cxd5 4. d4 Nc6 5. Nc3 Nf6 6. Bf4 a6 7. e3 e6 8. Bd3 Be7 9. h3 0-0 10. Rc1 Bd7 11. 0-0 Rc8 12. Qe2 Nb4 13. Bb1 Ne4 14. Ne5 f5 15. Nxd7 Qxd7 16. f3 Nxc3 17. bxc3 Nc6 18. e4 Bd6 19. Bxd6 Qxd6 20. exf5 exf5 21. Rfe1 Rf6 22. Rcd1 Na5 23. Qe5 g6 24. Rd3 Nc4 25. Qe7 Qxe7 26. Rxe7 Rf7 27. Re2 Rcc7 28. Bc2 Kf8 29. Bb3 Rfe7 30. Rxe7 Kxe7 31. Bxc4 Rxc4 32. f4 Ra4 33. Rd2 Rc4 34. Rd3 b5 35. Kf2 Kd6 36. Ke2 a5 37. Kd1 b4 38. cxb4 axb4 39. Kd2 Kc6 40. g3 Kb5 41. g4 Ka4 42. g5 Kb5 43. Kd1 Rc7 44. a3 bxa3 45. Rxa3 Kc4 46. Kd2 Kxd4 47. Ra4+ Rc4 48. Ra7 Ke4 49. Rxh7 Kxf4 50. h4 Kg4 51. Rh6 Rc6 52. Rh8 Ra6 53. Kd3 f4 54. Rf8 Kxh4 55. Rxf4+ Kxg5 56. Rf8 Rf6 57. Rd8 Rf5 58. Ke3 Kg4 59. Rh8 g5 60. Rh1 Kg3 61. Rg1+ Kh2 62. Rg4 Kh3 63. Rg1 g4 64. Rh1+ Kg2 65. Rh8 g3 66. Rg8 Kh2 67. Rh8+ Kg1 68. Ke2 g2 69. Rg8 d4 70. Rg4 Kh2 71. Rh4+ Kg3 72. Rh8 Rg5 0-1

[Event "Lisbon Masters"]
[Site "Lisbon"]
[Date "2012.05.04"]
[Round "7"]
[White "Padeiro, Jose Joao Tato"]
[Black "Andrade, Jose Manuel Vieira"]
[Result "1-0"]
[WhiteElo "2315"]
[BlackElo "2251"]
[PlyCount "85"]
[EventDate "2012.04.28"]
[EventType "tourn"]
[EventRounds "9"]
[EventCountry "POR"]
[EventCategory "1"]
[SourceTitle "CBM 148 Extra"]
[Source "ChessBase"]
[SourceDate "2012.06.22"]
[SourceVersion "1"]
[SourceVersionDate "2012.06.22"]
[SourceQuality "1"]

1. d4 Nf6 2. c4 e6 3. Nf3 c5 4. e3 Be7 5. Nc3 0-0 6. Bd3 b6 7. 0-0 Bb7 8. d5 exd5 9. cxd5 d6 10. e4 a6 11. a4 Nbd7 12. Nd2 Ne8 13. Nc4 Bf6 14. f4 Bxc3 15. bxc3 f5 16. Ne3 fxe4 17. Bxe4 Ndf6 18. Bf5 Nc7 19. c4 b5 20. Qb3 Kh8 21. Bb2 Rb8 22. Rad1 bxc4 23. Qc3 Bxd5 24. Bc2 Be6 25. f5 Bg8 26. Ba3 Ncd5 27. Nxd5 Bxd5 28. Bc1 Bg8 29. Bf4 Ne8 30. Qg3 Rb6 31. a5 Rb2 32. Bxd6 Nxd6 33. Rxd6 Qxa5 34. Rd7 Rf7 35. Rxf7 Bxf7 36. f6 g6 37. Qf4 Qd8 38. Rd1 Qf8 39. Qc7 Rb8 40. Rd7 Bg8 41. f7 Kg7 42. fxg8Q+ Kxg8 43. Be4 1-0

[Event "Lisbon Masters"]
[Site "Lisbon"]
[Date "2012.04.28"]
[Round "1"]
[White "Andrade, Jose Manuel Vieira"]
[Black "Reis, Luis Sousa"]
[Result "1-0"]
[WhiteElo "2251"]
[BlackElo "2247"]
[PlyCount "31"]
[EventDate "2012.04.28"]
[EventType "tourn"]
[EventRounds "9"]
[EventCountry "POR"]
[EventCategory "1"]
[SourceTitle "CBM 148 Extra"]
[Source "ChessBase"]
[SourceDate "2012.06.22"]
[SourceVersion "1"]
[SourceVersionDate "2012.06.22"]
[SourceQuality "1"]

1. e4 Nf6 2. e5 Nd5 3. d4 d6 4. Nf3 Bg4 5. Be2 c6 6. 0-0 e6 7. c4 Nc7 8. Qb3 dxe5 9. dxe5 Qc8 10. Nbd2 Nd7 11. Qc3 b5 12. Ne4 b4 13. Qd4 Bh5 14. Nd6+ Bxd6 15. exd6 e5 16. Qh4 1-0